Devinez la Capitale Mystère #91 - Statistiques

Statistiques générales
  • Ce quiz a été pris 94 fois
  • Le résultat moyen est 27 sur 39
Statistiques - réponses
Type de Réponse Réponse % Correct
Lettre Trouvée A
100%
Lettre Trouvée I
100%
Lettre Bien Placée A
99%
Lettre Trouvée O
99%
Lettre Trouvée N
97%
Lettre Trouvée R
97%
Lettre Trouvée S
96%
Lettre de l'Alphabet P
93%
Lettre Trouvée T
93%
Lettre Trouvée E
90%
Lettre de l'Alphabet U
87%
Lettre de l'Alphabet L
86%
Lettre de l'Alphabet D
84%
Lettre Trouvée G
84%
Lettre de l'Alphabet B
81%
Lettre de l'Alphabet M
80%
Lettre de l'Alphabet H
74%
Lettre de l'Alphabet K
72%
Lettre de l'Alphabet C
70%
Lettre de l'Alphabet W
70%
Lettre Bien Placée I
68%
Lettre Bien Placée N
67%
Lettre Bien Placée S
62%
Lettre Bien Placée T
62%
Lettre de l'Alphabet V
58%
Lettre de l'Alphabet Y
58%
Lettre de l'Alphabet J
55%
Lettre de l'Alphabet X
54%
Lettre Bien Placée R
49%
Lettre de l'Alphabet Z
49%
Lettre Bien Placée O
48%
Lettre Bien Placée E
42%
Lettre de l'Alphabet F
42%
Lettre de l'Alphabet Q
41%
Lettre Bien Placée G
39%
Lettre Bien Placée E
35%
Lettre Bien Placée G
35%
Lettre Bien Placée S
35%
Capitale Mystère Saint George's
35%
Aucun quiz correspondant
Distribution des résultats
% des personnes avec chaque résultat
Percentile par nombre de réponses
Votre historique - résultats
Vous n’avez pas pris ce quiz